|
|
|
|
| LEADER |
02166nam a2200553 i 4500 |
| 001 |
nkc20183022307 |
| 003 |
CZ PrNK |
| 005 |
20190102110906.0 |
| 007 |
ta |
| 008 |
180827s2018 xr a e c 000 0 cze |
| 020 |
|
|
|a 978-80-87799-84-0
|q (skládanka)
|
| 040 |
|
|
|a OLA001
|b cze
|e rda
|
| 043 |
|
|
|a e-mv---
|a e-xr---
|
| 045 |
|
|
|a y-y-
|
| 072 |
|
7 |
|a 75
|x Malířství
|2 Konspekt
|9 21
|
| 080 |
|
|
|a 75(478)
|2 MRF
|
| 080 |
|
|
|a 75(437.3)
|2 MRF
|
| 080 |
|
|
|a 75.036/.038
|2 MRF
|
| 080 |
|
|
|a (478)
|2 MRF
|
| 080 |
|
|
|a (437.3)
|2 MRF
|
| 080 |
|
|
|a (083.824)
|2 MRF
|
| 100 |
1 |
|
|a Buzu, Teodor,
|d 1960-
|7 xx0006638
|4 art
|
| 245 |
1 |
0 |
|a Teodor Buzu :
|b akvarelové prázdniny ; Ladislav Hodný : obrazy /
|c text v katalogu: Miroslav Růžička
|
| 246 |
3 |
0 |
|a Akvarelové prázdniny
|
| 264 |
|
1 |
|a [Hluboká nad Vltavou] :
|b Alšova jihočeská galerie,
|c [2018]
|
| 300 |
|
|
|a 6 nečíslovaných stran :
|b barevné ilustrace ;
|c 15 cm
|
| 336 |
|
|
|a text
|b txt
|2 rdacontent
|
| 336 |
|
|
|a statický obraz
|b sti
|2 rdacontent
|
| 337 |
|
|
|a bez média
|b n
|2 rdamedia
|
| 338 |
|
|
|a svazek
|b nc
|2 rdacarrier
|
| 500 |
|
|
|a Název z obálky
|
| 500 |
|
|
|a Katalog ke stejnojmenné výstavě v Galerii Mariánská v Českých Budějovicích 29.6.-30.9.2018
|
| 600 |
1 |
7 |
|a Buzu, Teodor,
|d 1960-
|7 xx0006638
|2 czenas
|
| 600 |
1 |
7 |
|a Hodný, Ladislav,
|d 1909-2000
|7 jo20010083027
|2 czenas
|
| 648 |
|
7 |
|a 21. století
|7 ch460559
|2 czenas
|
| 650 |
0 |
7 |
|a moldavské malířství
|7 ph587404
|y 21. století
|2 czenas
|
| 650 |
0 |
7 |
|a české malířství
|7 ph116864
|y 21. století
|2 czenas
|
| 650 |
0 |
7 |
|a moderní malířství
|7 ph122940
|z Moldavsko
|2 czenas
|
| 650 |
0 |
7 |
|a moderní malířství
|7 ph122940
|z Česko
|2 czenas
|
| 655 |
|
7 |
|a katalogy výstav
|7 fd132536
|2 czenas
|
| 700 |
1 |
|
|a Hodný, Ladislav,
|d 1943-
|7 jn99240000295
|4 art
|
| 700 |
1 |
|
|a Růžička, Miroslav
|7 ola20181010209
|4 aut
|
| 710 |
2 |
|
|a Galerie Mariánská (České Budějovice, Česko)
|7 pna20181001733
|4 orm
|
| 740 |
0 |
2 |
|a Ladislav Hodný: obrazy
|
| 910 |
2 |
|
|a BOA001
|b S-1420.279
|
| 990 |
|
|
|a BK
|
| 995 |
|
|
|a 61
|
| 991 |
|
|
|b 201901
|c NOV
|
| 996 |
6 |
|
|b 2610762642
|c S-1420.279
|l MZK
|r Sklad / do 24 hodin
|n 0
|p p.v.
|w 001699909
|u 000010
|a 1
|e BOA001
|j MZK50
|s P
|